Základy marketingu

Salvato in:
Dettagli Bibliografici
Autore principale: Cibáková, Viera
Ente Autore: Vysoká škola ekonómie a manažmentu verejnej správy v Bratislave
Altri autori: Bartáková, Gabriela
Natura: Libro
Lingua:slovacco
Pubblicazione: Bratislava Iura Edition 2007
Serie:Ekonómia
Soggetti:
Tags: Aggiungi Tag
Nessun Tag, puoi essere il primo ad aggiungerne!!

MARC

LEADER 00000nam$a2200000$$$4500
001 0074656
005 20231215114852.1
020 |a 978-80-8078-156-9 
041 0 |a slo 
044 |a SK 
245 1 0 |a Základy marketingu  |c Viera Cibáková, Gabriela Bartáková 
264 1 |a Bratislava  |b Iura Edition  |c 2007 
300 |a 224 s. 
490 1 |a Ekonómia 
830 0 |a Ekonómia 
610 2 0 |a marketing 
610 2 0 |a koncepcie 
610 2 0 |a podnikanie 
610 2 0 |a riadenie 
610 2 0 |a plánovanie strategické 
610 2 0 |a plán marketingový 
610 2 0 |a podnik 
610 2 0 |a prostredie podnikateľské 
610 2 0 |a systémy informačné 
610 2 0 |a segmentácia trhu 
610 2 0 |a nákup 
610 2 0 |a zákazníci 
610 2 0 |a marketing mix 
610 2 0 |a produkty 
610 2 0 |a politika cenová 
610 2 0 |a distribúcia 
610 2 0 |a komunikácia marketingová 
100 1 |a Cibáková, Viera 
700 1 |a Bartáková, Gabriela 
710 2 |a Vysoká škola ekonómie a manažmentu verejnej správy v Bratislave